Boletín SIAG /
Salvato in:
| Ente Autore: | |
|---|---|
| Natura: | Libro |
| Lingua: | Spanish |
| Pubblicazione: |
México D.F:
Servicio de Información y Análisis de Guatemala
|
| Soggetti: | |
| Tags: |
Aggiungi Tag
Nessun Tag, puoi essere il primo ad aggiungerne!!
|
MARC
| LEADER | 00000nam a22000007a 4500 | ||
|---|---|---|---|
| 003 | cru CIDCACS/IIS | ||
| 005 | 20230912142453.0 | ||
| 007 | ta | ||
| 008 | 230912b |||||||| |||| 00| 0 spa d | ||
| 040 | |c cru CIDCACS/IIS | ||
| 090 | |a REV0127 | ||
| 110 | 2 | |9 9238 |a Agencia Centroamericana de Noticias | |
| 245 | 1 | |a Boletín SIAG / |c Agencia Centroamericana de Noticias. Servicio de Información y Análisis de Guatemala | |
| 260 | |a México D.F: |b Servicio de Información y Análisis de Guatemala | ||
| 270 | |d México |e Apdo. M.2884, México D.F. 06000 | ||
| 500 | |a Colección Centroamérica | ||
| 500 | |a EXISTENCIAS: 1983 (5-8) 1984 (9-11, 13-26, 28-30) 1985 (31-38, 40-43, 45-53) 1986 (54-56, 58-70, 72, 74-75) 1987 (76-91) 1988 (100) | ||
| 500 | |a EN EL Nº 101 DE MARZO DE 1989 CAMBIA DE NOMBRE POR ASEN-SIAG. GUATEMALA | ||
| 650 | 4 | |9 3217 |a PROBLEMAS POLITICOS | |
| 650 | 4 | |9 3737 |a POBLACION INDIGENA | |
| 650 | 0 | |9 2860 |a REFUGIADOS | |
| 650 | 0 | |9 38 |a DERECHOS HUMANOS | |
| 651 | 0 | |9 142 |a GUATEMALA | |
| 942 | |2 ddc |c PP | ||
| 999 | |c 45258 |d 45258 | ||
